| 000 | 00569nam a2200205Ia 4500 | ||
|---|---|---|---|
| 008 | 150520s9999 xx 000 0 und d | ||
| 050 | _aT 1 | ||
| 050 | _b.Sa119 2015 | ||
| 100 | _aSacdalan, Ralph Kevin D. | ||
| 245 | _aMonitoring system for EC-gas Taguig / | ||
| 245 | _cRalph Kevin Sacdalan. | ||
| 260 | _aLas PiƱas, Philippines : | ||
| 260 | _bSISC, | ||
| 260 | _c2015. | ||
| 300 | _a149 pages : | ||
| 300 | _bcolor illustrations ; | ||
| 300 | _c28 cm. | ||
| 500 | _aIncludes bibliographical references and appendices. | ||
| 650 | _aManagement System | ||
| 999 |
_c284065 _d284065 |
||